| 000 | 01114nam a22003137a 4500 | ||
|---|---|---|---|
| 001 | 129 | ||
| 003 | FISKH | ||
| 005 | 20230323111858.0 | ||
| 008 | 230228b cb ||||| |||| 00| 0 eng d | ||
| 040 |
_aDLC _beng _erda _eFISKH _cDLC |
||
| 042 | _apcc | ||
| 050 | _aPS1017 | ||
| 082 | _a813.4 | ||
| 100 | 1 |
_aAlcott, Louisa May, _eauthor. |
|
| 245 | 1 | 0 |
_aLittle women / _cLouisa May Alcott, Deanna McFadden, Karl James Mountford. |
| 263 | _a2301 | ||
| 264 | 1 |
_aUSSR _bPriory Books _c[1989] |
|
| 300 |
_a199 p. _c20 cm. |
||
| 336 |
_atext _btxt _2rdacontent |
||
| 337 |
_aunmediated _bn _2rdamedia |
||
| 338 |
_avolume _bnc _2rdacarrier |
||
| 520 | _a"Louisa May Alcott's novel, set during the Civil War, follows the adventures of the four March sisters-Meg, Beth, Amy, and, most of all, the tomboy Jo-as they experience the joys and disappointments, tragedies and triumphs, of growing up"-- | ||
| 521 |
_a740 _bLexile |
||
| 521 |
_aM _bRaz-Plus |
||
| 700 | 1 |
_aMcFadden, Deanna, _eother. |
|
| 700 | 1 |
_aMountford, Karl James, _eillustrator. |
|
| 906 |
_a0 _bibc _corignew _d2 _eepcn _f20 _gy-gencatlg |
||
| 942 |
_2ddc _cBK _n0 |
||
| 999 |
_c129 _d129 |
||